000 00619nam a2200217Ia 4500
005 20240305115439.0
008 131103s9999 xx 000 0 und d
040 _aLoreto College
041 _aEnglish
082 _a371.28
_bROT
245 _aMental Retardation,
_b
_cEdited by Jerome H.Rotbstein
250 _areadings and resources
260 _aNew York
_bHolt,Rinehart and Winston
_c1961
300 _axii,628 p.
504 _aIncludes appendix and index
650 _aSchool Administration
651 _aPromotion and Failure
700 _aRothstein,Jerome H.,ed.
850 _aLCLIB
942 _cBK
999 _c9094
_d59573